Chemical engineering process simulation /

Chemical Engineering Process Simulation is ideal for students, early career researchers, and practitioners, as it guides you through chemical processes and unit operations using the main simulation softwares that are used in the industrial sector. This book will help you predict the characteristics...

Full description

Bibliographic Details
Main Author: Foo, Dominic C. Y. (Author)
Corporate Author: Knovel (Firm)
Other Authors: Chemmangattuvalappil, Nishanth G., Ng, Denny K. S., Elyas, Rafil, Chen, Cheng-Liang, Elms, René D., Chien, I-Lung, 1955-, Lee, Hao-Yeh, Chong, Siewhui
Format: eBook
Language:English
Published: Amsterdam, Netherlands : Elsevier, [2017]
Subjects:
Online Access:Connect to the full text of this electronic book

MARC

Tag First Indicator Second Indicator Subfields
LEADER 00000cam a2200000Ii 4500
001 in00004638513
006 m o d
007 cr cnu|||unuuu
008 170718s2017 ne a ob 001 0 eng d
005 20230110224155.7
035 |a (OCoLC)ocn994005996 
040 |a N$T  |b eng  |e rda  |e pn  |c N$T  |d IDEBK  |d EBLCP  |d UIU  |d N$T  |d OPELS  |d OCLCQ  |d OCLCF  |d UPM  |d MERER  |d OCLCQ  |d MCW  |d UAB  |d STF  |d D6H  |d KNOVL  |d ERL  |d DKU  |d YDX  |d NLE  |d U3W  |d CEF  |d OCLCQ  |d OCLCA  |d OCLCQ  |d LVT  |d UKAHL  |d OCLCQ  |d S2H  |d OCLCO 
019 |a 994094076 
020 |a 9780128038710  |q (electronic bk.) 
020 |a 0128038713  |q (electronic bk.) 
020 |z 9780128037829 
020 |z 0128037822 
035 |a (OCoLC)994005996  |z (OCoLC)994094076 
050 4 |a TP155.7  |b .F66 2017eb 
072 7 |a SCI  |x 013060  |2 bisacsh 
072 7 |a TEC  |x 009010  |2 bisacsh 
082 0 4 |a 660.2/8/00113  |2 23 
049 |a TXAM 
100 1 |a Foo, Dominic C. Y.,  |e author. 
245 1 0 |a Chemical engineering process simulation /  |c Dominic Chwan Yee Foo [and 9 others]. 
264 1 |a Amsterdam, Netherlands :  |b Elsevier,  |c [2017] 
300 |a 1 online resource :  |b illustrations 
336 |a text  |b txt  |2 rdacontent 
337 |a computer  |b c  |2 rdamedia 
338 |a online resource  |b cr  |2 rdacarrier 
588 0 |a Vendor-supplied metadata. 
504 |a Includes bibliographical references and index. 
505 0 |a Front Cover; Chemical Engineering Process Simulation; Chemical Engineering Process Simulation; Copyright; Contents; List of Contributors; How to Use This Book; 1 -- Basics of Process Simulation; 1 -- Introduction to Process Simulation; 1.1 PROCESS DESIGN AND SIMULATION; 1.2 HISTORICAL PERSPECTIVE FOR PROCESS SIMULATION; 1.3 BASIC ARCHITECTURES FOR COMMERCIAL SOFTWARE; 1.4 BASIC ALGORITHMS FOR PROCESS SIMULATION; 1.4.1 Sequential Modular Approach; 1.4.2 Equation-Oriented Approach; 1.5 INCORPORATION OF PROCESS SYNTHESIS MODEL AND SEQUENTIAL MODULAR APPROACH. 
505 8 |a Example 1.1: n-Octane Production Example1.6 TEN GOOD HABITS FOR PROCESS SIMULATION; REFERENCES; 2 -- Registration of New Components; 2.1 REGISTRATION OF HYPOTHETICAL COMPONENTS; 2.1.1 Hypothetical Component Registration With Aspen HYSYS; Example 2.1; 2.1.2 Hypothetical Component Registration With PRO/II; Example 2.2; 2.2 REGISTRATION OF CRUDE OIL; Example 2.3 Crude Oil Registration With Aspen HYSYS; Step 1: Characterization of Crude Assay; Step 2: Generate Pseudocomponents-Create Cut and Blend; Step 3: Install the Oil in the Flowsheet; Example 2.4 Crude Oil Registration in PRO/II; Exercise. 
505 8 |a 3.3.2.3 Peng-Robinson3.3.2.4 Reducing the "Attractive Force"; 3.3.2.5 Increasing the "Attractive Force"; Example 3.1; 3.4 LIQUID VOLUMES (WALAS, 1985); 3.5 VISCOSITY AND OTHER PROPERTIES; 3.6 PHASE EQUILIBRIA; 3.6.1 Vapor Phase Correction; 3.6.2 Liquid Phase Corrections; 3.6.3 Bringing It All Together; 3.7 FLASH CALCULATIONS (SMITH ET AL.); 3.7.1 "MESH" Equations; 3.7.1.1 Material Balance; 3.7.1.2 Equilibrium; 3.7.1.3 Summation; 3.7.1.4 Heat Balance; 3.7.2 Bubble Point Flash; 3.7.2.1 Methodology; 3.7.3 Dew Point Flash; 3.7.4 Two-Phase Pressure-Temperature Flash; 3.7.5 Other Flash Routines. 
505 8 |a 3.8 PHASE DIAGRAMS3.8.1 Pressure-Temperature Diagrams of Pure Components and Mixtures; 3.8.2 Retrograde Behavior; 3.9 CONCLUSIONS; EXERCISES; REFERENCES; FURTHER READING; 4 -- Simulation of Recycle Streams; 4.1 TYPES OF RECYCLE STREAMS; 4.2 TIPS IN HANDLING RECYCLE STREAMS; 4.2.1 Analyze the Flowsheet; 4.2.2 Provide Estimates for Recycle Streams; 4.2.3 Simplify the Flowsheet; 4.2.4 Avoid Overspecifying Mass Balance; 4.2.5 Check for Trapped Material; 4.2.6 Increase Number of Iterations; 4.3 RECYCLE CONVERGENCE AND ACCELERATION TECHNIQUES; Example 4.1; EXERCISES; REFERENCES; 2 -- UniSim Design. 
505 8 |a 5 -- Basics of Process Simulation With UniSim Design. 
520 |a Chemical Engineering Process Simulation is ideal for students, early career researchers, and practitioners, as it guides you through chemical processes and unit operations using the main simulation softwares that are used in the industrial sector. This book will help you predict the characteristics of a process using mathematical models and computer-aided process simulation tools, as well as model and simulate process performance before detailed process design takes place. 
650 0 |a Chemical processes  |x Computer simulation. 
650 6 |a Procédés chimiques  |x Simulation par ordinateur. 
650 7 |a SCIENCE  |x Chemistry  |x Industrial & Technical.  |2 bisacsh 
650 7 |a TECHNOLOGY & ENGINEERING  |x Chemical & Biochemical.  |2 bisacsh 
650 7 |a Chemical processes  |x Computer simulation.  |2 fast  |0 (OCoLC)fst00853160 
655 7 |a Electronic books.  |2 local 
700 1 |a Chemmangattuvalappil, Nishanth G. 
700 1 |a Ng, Denny K. S. 
700 1 |a Elyas, Rafil. 
700 1 |a Chen, Cheng-Liang. 
700 1 |a Elms, René D. 
700 1 |a Chien, I-Lung,  |d 1955- 
700 1 |a Lee, Hao-Yeh. 
700 1 |a Chong, Siewhui. 
710 2 |a Knovel (Firm) 
776 0 8 |i Print version:  |a Foo, Dominic C.Y.  |t Chemical engineering process simulation.  |d Amsterdam, Netherlands : Elsevier, [2017]  |z 0128037822  |z 9780128037829  |w (OCoLC)964294015 
856 4 0 |u http://proxy.library.tamu.edu/login?url=https://app.knovel.com/hotlink/toc/id:kpCEPS0002/chemical-engineering-process?kpromoter=marc  |z Connect to the full text of this electronic book  |t 0 
955 |a Knovel ebooks 
994 |a 92  |b TXA 
999 f f |s 19c867ff-d665-40f8-ad3d-235baf6cea02  |i e96dac95-81d8-4f71-b292-1ce0ef56071f  |t 0 
952 f f |a Texas A&M University  |b College Station  |c Electronic Resources  |d Available Online  |t 0  |e TP155.7 .F66 2017eb  |h Library of Congress classification 
998 f f |a TP155.7 .F66 2017eb  |t 0  |l Available Online